| 000 | 00729cam a2200205 4500 | ||
|---|---|---|---|
| 001 | D2407 | ||
| 008 | 090401t1974 xxu||||| |||| 00| 0 eng d | ||
| 035 | _a(Sirsi) u68986 | ||
| 041 | _aeng | ||
| 050 | _a338.4369 | ||
| 110 |
_aC I B _92231 |
||
| 245 | _aAssessing the economics of building, symposium proceedings, Dublin, June 1974, by the International Council for Building Research Studies and Documentation, in association with An Foras Forbatha | ||
| 260 |
_aRotterdam _bCIB _c1974 |
||
| 300 | _axii. 594p. illus. diags. 30cm | ||
| 350 | _a0 | ||
| 490 |
_aCIB Report _v306 |
||
| 520 | _a36 papers, discussions in French and English, rapporteurs, and opening and closing statements | ||
| 942 | _n0 | ||
| 948 | _c04/03/1997 | ||
| 999 |
_c95148 _d95148 |
||